000 00939nam a22002177a 4500
999 _c10530
_d10530
003 AR-CdUCM
008 190401b ||||| |||| 00| 0 spa d
040 _aMUNICIPALIDAD PROVINCIAL DEL CUSCO
_cBIBLIOTECA MUNICIPAL DEL CUSCO
082 _a909 /
_bM86 / 1908
100 _aMaspero, G.
_927453
245 _aNovísima historia universal :
_bDesde los tiempos prehistóricos a 1908 /
260 _aMadrid :
_bEspañola - americana,
_c1908-
300 _a504 paginas ;
_c26 cm.
505 _aContenido : Historia antigua de los pueblos de oriente -- Egipto hasta la invasión de los de los pastores -- El asía anterior, antes y durante el tiempo de la dominación egipcia -- El imperio asirio y el mundo oriental hasta el advenimiento de los sargónidas ...
650 _aHistoria
_9136
650 _aUniversal
_918236
650 _aImperios
_927454
700 _aBlasco Ibañes, Vicente
_927455
942 _2ddc
_cLIBROS
945 _arah